[Event "33268_PDL_2015_Pupillettes"]
[Site "Fontenay-Le-Comte ; Vendée"]
[Date "2015.02.07"]
[Round "1.1"]
[White "Tollot, Juliette"]
[Black "Chevallier, Lola"]
[Result "1-0"]
[WhiteElo "1210"]
[BlackElo "1099"]
[PlyCount "57"]
[EventDate "2015.??.??"]

1. d4 e6 2. c4 d6 3. Nc3 Nf6 4. Bg5 Be7 5. Nf3 Bd7 6. e3 Nc6 7. Be2 O-O 8. O-O
b6 9. Qc2 d5 10. Bxf6 Bxf6 11. cxd5 exd5 12. Nxd5 Be7 13. Bd3 Be6 14. Nxe7+
Qxe7 15. Qxc6 Bd7 16. Qxc7 Rac8 17. Qxa7 Rc7 18. Qxc7 Rc8 19. Qxb6 Qd8 20.
Qxd8+ Rxd8 21. Rac1 g6 22. Rc7 Ba4 23. Rfc1 Kg7 24. Ng5 h6 25. Rxf7+ Kg8 26.
Bxg6 hxg5 27. Rcc7 Rd6 28. Rc8+ Be8 29. Rxe8# 1-0

[Event "33268_PDL_2015_Pupillettes"]
[Site "Fontenay-Le-Comte ; Vendée"]
[Date "2015.02.07"]
[Round "1.2"]
[White "Drouet, Samantha"]
[Black "Salvador Ruiz, Camille"]
[Result "0-1"]
[WhiteElo "1099"]
[BlackElo "1180"]
[PlyCount "72"]
[EventDate "2015.??.??"]

1. e4 e5 2. d4 Nc6 3. Nf3 Nf6 4. Nc3 Bd6 5. d5 Ne7 6. Bc4 a6 7. O-O b5 8. Bxb5
axb5 9. Nxb5 Bc5 10. Bd2 h6 11. Bc3 d6 12. Nxe5 dxe5 13. Bxe5 O-O 14. Bxc7 Qd7
15. c4 Nxe4 16. Qf3 Bxf2+ 17. Rxf2 Nxf2 18. Qxf2 Ba6 19. Ba5 Bxb5 20. cxb5 Rxa5
21. Qd4 Qxb5 22. d6 Nf5 23. Qd2 Rd8 24. b4 Rxd6 25. Qc3 Rc6 26. Qb3 Ra4 27. h3
Rxb4 28. Qf3 Rd4 29. Re1 Nh4 30. Qf2 Qa5 31. Re8+ Kh7 32. Qxd4 Rc1+ 33. Kh2
Qc7+ 34. g3 Qc2+ 35. Re2 Qxe2+ 36. Qf2 Qxf2# 0-1

[Event "33268_PDL_2015_Pupillettes"]
[Site "Fontenay-Le-Comte ; Vendée"]
[Date "2015.02.07"]
[Round "1.3"]
[White "Hamon, Elisa"]
[Black "Lemeunier, Melina"]
[Result "1-0"]
[WhiteElo "1136"]
[BlackElo "1099"]
[PlyCount "41"]
[EventDate "2015.??.??"]

1. e4 e5 2. Nf3 Nf6 3. Nxe5 d6 4. Nf3 Be7 5. Nc3 O-O 6. Bc4 a6 7. O-O b5 8. Bb3
Bb7 9. d3 g5 10. Bxg5 h6 11. Bxh6 Nh7 12. Bxf8 Nxf8 13. Nd5 f6 14. Nxe7+ Kh8
15. Nd5 c6 16. Ne3 a5 17. a4 d5 18. Nh4 d4 19. Qh5+ Nh7 20. Ng6+ Kg7 21. Nf5#
1-0

[Event "33268_PDL_2015_Pupillettes"]
[Site "Fontenay-Le-Comte ; Vendée"]
[Date "2015.02.07"]
[Round "1.4"]
[White "Moreau, Chloe"]
[Black "Huger, Leane"]
[Result "0-1"]
[WhiteElo "1099"]
[BlackElo "1130"]
[PlyCount "38"]
[EventDate "2015.??.??"]

1. h4 e5 2. e4 Nc6 3. Nc3 Bc5 4. d3 Nf6 5. Nf3 d6 6. b4 Bxb4 7. a3 Bxc3+ 8. Bd2
Bxa1 9. Qxa1 O-O 10. Be2 Bg4 11. d4 Qe7 12. dxe5 dxe5 13. Nxe5 Nxe5 14. Bb4 Qd8
15. f3 Be6 16. f4 Neg4 17. f5 Nxe4 18. O-O Qxh4 19. fxe6 Qh2# 0-1

[Event "33268_PDL_2015_Pupillettes"]
[Site "Fontenay-Le-Comte ; Vendée"]
[Date "2015.02.07"]
[Round "1.5"]
[White "Pellat, Camille"]
[Black "Veillaud, Manon"]
[Result "1-0"]
[WhiteElo "1129"]
[BlackElo "1099"]
[PlyCount "37"]
[EventDate "2015.??.??"]

1. e4 Nc6 2. Nf3 Nf6 3. Qe2 e5 4. c3 d6 5. h3 Be7 6. d4 O-O 7. Bg5 exd4 8. cxd4
Nb4 9. Nc3 Nc2+ 10. Qxc2 c6 11. Bd3 Qc7 12. O-O Bd8 13. Rfe1 d5 14. e5 Re8 15.
exf6 Rxe1+ 16. Rxe1 Qd7 17. Qe2 Bc7 18. Qe8+ Qxe8 19. Rxe8# 1-0

[Event "33268_PDL_2015_Pupillettes"]
[Site "Fontenay-Le-Comte ; Vendée"]
[Date "2015.02.07"]
[Round "1.6"]
[White "Jude, Cloe"]
[Black "Boissiere, Oceane"]
[Result "1-0"]
[WhiteElo "1020"]
[BlackElo "1099"]
[PlyCount "59"]
[EventDate "2015.??.??"]

1. e4 e5 2. Nf3 Nc6 3. Bb5 a6 4. Bxc6 bxc6 5. O-O Nf6 6. Nc3 Bc5 7. d3 O-O 8.
Bg5 h6 9. Bh4 g5 10. Nxg5 hxg5 11. Bxg5 d6 12. Qf3 Kh8 13. Bxf6+ Kg8 14. Bxd8
Rxd8 15. Rfe1 Rd7 16. Ne2 f6 17. Qxf6 Rf7 18. Qg6+ Kf8 19. Qh6+ Rg7 20. Ng3 d5
21. Nf5 Bxf5 22. exf5 Re8 23. f6 Ree7 24. fxg7+ Rxg7 25. Rxe5 Bd4 26. Re6 c5
27. c3 Bf6 28. Rxf6+ Ke7 29. Qxg7+ Ke8 30. Rf8# 1-0

[Event "33268_PDL_2015_Pupillettes"]
[Site "Fontenay-Le-Comte ; Vendée"]
[Date "2015.02.07"]
[Round "2.1"]
[White "Huger, Leane"]
[Black "Tollot, Juliette"]
[Result "0-1"]
[WhiteElo "1130"]
[BlackElo "1210"]
[PlyCount "96"]
[EventDate "2015.??.??"]

1. e4 Nf6 2. Nc3 d6 3. Nf3 Nc6 4. Bc4 e5 5. d3 Bg4 6. Bg5 Be7 7. O-O O-O 8. Qe2
Nd4 9. Qe3 Nxc2 10. Qc1 Nxa1 11. Qxa1 Bxf3 12. gxf3 Qd7 13. Qc1 Qh3 14. Qe3
Rfe8 15. Nd5 Nxd5 16. Bxd5 Bxg5 17. Qxg5 c6 18. Bc4 Rad8 19. Qg2 Qxg2+ 20. Kxg2
d5 21. exd5 cxd5 22. Bb5 Re6 23. Rc1 Rb6 24. a4 a6 25. Bc4 dxc4 26. dxc4 Rxb2
27. Rc3 Ra2 28. Re3 f6 29. Rb3 Rxa4 30. Rxb7 Rxc4 31. Ra7 Ra4 32. Kg3 Ra1 33.
f4 exf4+ 34. Kxf4 a5 35. Kf5 a4 36. f4 a3 37. Ke6 h6 38. Ke7 Rd2 39. Ra8+ Kh7
40. f5 Rxh2 41. Rg8 Kxg8 42. Ke6 Re2+ 43. Kd5 Rd1+ 44. Kc4 Rc2+ 45. Kb4 Rb1+
46. Kxa3 Rc6 47. Ka2 Rb8 48. Ka3 Ra6# 0-1

[Event "33268_PDL_2015_Pupillettes"]
[Site "Fontenay-Le-Comte ; Vendée"]
[Date "2015.02.07"]
[Round "2.2"]
[White "Salvador Ruiz, Camille"]
[Black "Pellat, Camille"]
[Result "0-1"]
[WhiteElo "1180"]
[BlackElo "1129"]
[PlyCount "58"]
[EventDate "2015.??.??"]

1. e4 c5 2. Nc3 e6 3. Nf3 Nf6 4. d3 Nc6 5. e5 Nd5 6. Nxd5 exd5 7. Bg5 Be7 8.
Be3 a6 9. d4 cxd4 10. Bxd4 d6 11. exd6 Bf6 12. Bxf6 Qxf6 13. Rb1 Qxd6 14. Bd3
Qe7+ 15. Qe2 Qxe2+ 16. Bxe2 Bf5 17. Bd3 Bxd3 18. cxd3 Nb4 19. O-O Nxd3 20. Rfd1
Nb4 21. a3 Nc6 22. Rxd5 O-O 23. Rd7 Rab8 24. Rc1 Rfe8 25. Ng5 Ne5 26. Rd4 h6
27. Nh3 Nc6 28. Rcd1 Nxd4 29. Rxd4 Re1# 0-1

[Event "33268_PDL_2015_Pupillettes"]
[Site "Fontenay-Le-Comte ; Vendée"]
[Date "2015.02.07"]
[Round "2.3"]
[White "Jude, Cloe"]
[Black "Hamon, Elisa"]
[Result "0-1"]
[WhiteElo "1020"]
[BlackElo "1136"]
[PlyCount "46"]
[EventDate "2015.??.??"]

1. e4 e5 2. Nf3 Nc6 3. Bb5 d6 4. O-O Nf6 5. Nc3 Be7 6. Bxc6+ bxc6 7. d3 O-O 8.
Bg5 Bg4 9. Ne2 Bxf3 10. gxf3 Nxe4 11. fxe4 Bxg5 12. Ng3 Bf4 13. Qf3 Qg5 14.
Rfe1 f5 15. exf5 Rxf5 16. Kh1 Rf6 17. Nh5 Rh6 18. Nxf4 exf4 19. Qxc6 Rf8 20. f3
Qh4 21. Kg1 Rg6+ 22. Kf1 Qxh2 23. Re4 Rg1# 0-1

[Event "33268_PDL_2015_Pupillettes"]
[Site "Fontenay-Le-Comte ; Vendée"]
[Date "2015.02.07"]
[Round "2.4"]
[White "Boissiere, Oceane"]
[Black "Lemeunier, Melina"]
[Result "1-0"]
[WhiteElo "1099"]
[BlackElo "1099"]
[PlyCount "70"]
[EventDate "2015.??.??"]

1. d4 d5 2. e3 c6 3. Nf3 Nf6 4. Bd3 e6 5. O-O Bd6 6. Nc3 O-O 7. e4 Qc7 8. Na4
b5 9. Nc3 b4 10. Na4 Nbd7 11. exd5 cxd5 12. Bd2 Bc5 13. dxc5 g6 14. Bxb4 Re8
15. Nc3 a6 16. Nd4 Bb7 17. g3 e5 18. Ba5 Qxa5 19. Nf3 e4 20. Be2 exf3 21. Bxf3
d4 22. Qxd4 Red8 23. b4 Qc7 24. b5 Re8 25. b6 Qd8 26. Bxb7 Rb8 27. Rfd1 Rxb7
28. Rd3 h5 29. Rf1 g5 30. g4 Nxg4 31. Rh3 Ngf6 32. Rg3 h4 33. Rxg5+ Kf8 34.
Qxh4 Re5 35. Qh8+ Ke7 1-0

[Event "33268_PDL_2015_Pupillettes"]
[Site "Fontenay-Le-Comte ; Vendée"]
[Date "2015.02.07"]
[Round "2.5"]
[White "Chevallier, Lola"]
[Black "Moreau, Chloe"]
[Result "0-1"]
[WhiteElo "1099"]
[BlackElo "1099"]
[PlyCount "68"]
[EventDate "2015.??.??"]

1. e3 e5 2. d3 d5 3. Bd2 Nc6 4. Be2 Nf6 5. Nc3 b6 6. Nf3 Bd6 7. O-O O-O 8. b3
a5 9. a4 Be6 10. e4 dxe4 11. dxe4 Nxe4 12. Nxe4 Bf5 13. Bd3 g6 14. Nc3 Bxd3 15.
Ne2 e4 16. Nfd4 Nxd4 17. Nxd4 Bxf1 18. Qxf1 c5 19. Nc6 Qc8 20. Nxa5 Rxa5 21.
Bxa5 bxa5 22. c3 Qc7 23. b4 cxb4 24. cxb4 Re8 25. bxa5 Qxa5 26. f3 exf3 27.
gxf3 Qc7 28. Rc1 Qd7 29. Ra1 Qc7 30. a5 Re5 31. a6 Rh5 32. a7 Bxh2+ 33. Kh1
Bg1+ 34. Kxg1 Qh2# 0-1

[Event "33268_PDL_2015_Pupillettes"]
[Site "Fontenay-Le-Comte ; Vendée"]
[Date "2015.02.07"]
[Round "2.6"]
[White "Veillaud, Manon"]
[Black "Drouet, Samantha"]
[Result "0-1"]
[WhiteElo "1099"]
[BlackElo "1099"]
[PlyCount "40"]
[EventDate "2015.??.??"]

1. e4 e5 2. Nc3 Nc6 3. Nf3 d6 4. Bc4 Bg4 5. O-O Qd7 6. d4 exd4 7. Nd5 O-O-O 8.
Bg5 f6 9. Bf4 d3 10. cxd3 Nd4 11. Qe1 Bxf3 12. Qe3 Qg4 13. Qxd4 c6 14. Be3 cxd5
15. Qxa7 dxc4 16. dxc4 d5 17. cxd5 Bd6 18. Rfc1+ Bc7 19. Qa8+ Kd7 20. Qxb7
Qxg2# 0-1

[Event "33268_PDL_2015_Pupillettes"]
[Site "Fontenay-Le-Comte ; Vendée"]
[Date "2015.02.07"]
[Round "3.1"]
[White "Tollot, Juliette"]
[Black "Hamon, Elisa"]
[Result "1-0"]
[WhiteElo "1210"]
[BlackElo "1136"]
[PlyCount "57"]
[EventDate "2015.??.??"]

1. c4 c5 2. Nc3 Nc6 3. Nf3 Nf6 4. d4 d5 5. cxd5 Nxd5 6. dxc5 e5 7. Nxd5 Bxc5 8.
g3 Be6 9. Nc3 Qb6 10. Ne4 Rd8 11. Qc2 Bb4+ 12. Bd2 Qa6 13. Bg2 O-O 14. O-O Qxe2
15. Rfe1 Qb5 16. Bxb4 Qxb4 17. Neg5 g6 18. Nxe5 Nxe5 19. Rxe5 Rc8 20. Qe2 Bc4
21. a3 Qd6 22. Qe4 f6 23. Bh3 Rc7 24. Be6+ Bxe6 25. Rxe6 Qd7 26. Nf3 f5 27. Qe5
Rfc8 28. Re7 Re8 29. Qg7# 1-0

[Event "33268_PDL_2015_Pupillettes"]
[Site "Fontenay-Le-Comte ; Vendée"]
[Date "2015.02.07"]
[Round "3.2"]
[White "Pellat, Camille"]
[Black "Huger, Leane"]
[Result "1-0"]
[WhiteElo "1129"]
[BlackElo "1130"]
[PlyCount "108"]
[EventDate "2015.??.??"]

1. e4 e5 2. Nf3 Nc6 3. c3 Nf6 4. d4 d6 5. Be2 Bg4 6. O-O Be7 7. Be3 O-O 8. Nbd2
Qd7 9. h3 Bh5 10. Re1 Qe6 11. Qc2 Nd7 12. d5 Qg6 13. dxc6 bxc6 14. Rac1 Rab8
15. a3 Rb7 16. Ba6 Rbb8 17. Be2 d5 18. Bxa7 Rb7 19. Be3 Ra8 20. Bd1 Nc5 21.
Bxc5 Bxc5 22. Nxe5 Qg5 23. Nxc6 Rb6 24. Nb4 Qh4 25. Rf1 Rg6 26. Bxh5 Qxh5 27.
Kh2 Qg5 28. g3 Qh5 29. Qd1 Qh6 30. exd5 Re8 31. Nc4 Re4 32. b3 Qg5 33. Qf3 Re7
34. Rce1 Rd7 35. d6 f6 36. dxc7 Rxc7 37. Re4 Rd7 38. Rg4 Qh5 39. Qe2 f5 40.
Qe8+ Bf8 41. Rxg6 Qxg6 42. Qxd7 f4 43. Qd5+ Qf7 44. Qxf7+ Kxf7 45. gxf4 Kf6 46.
Kg3 Kf5 47. Re1 g5 48. fxg5 Kxg5 49. Re4 Kf5 50. Rf4+ Kg6 51. Rxf8 Kg7 52. Rf4
Kg6 53. Kg4 h5+ 54. Kg3 Kg5 1-0

[Event "33268_PDL_2015_Pupillettes"]
[Site "Fontenay-Le-Comte ; Vendée"]
[Date "2015.02.07"]
[Round "3.3"]
[White "Moreau, Chloe"]
[Black "Salvador Ruiz, Camille"]
[Result "0-1"]
[WhiteElo "1099"]
[BlackElo "1180"]
[PlyCount "98"]
[EventDate "2015.??.??"]

1. e4 e5 2. Nf3 Nc6 3. Nc3 Bb4 4. a3 Bxc3 5. bxc3 Nf6 6. h4 Nxe4 7. d3 Nxc3 8.
Qd2 Nd5 9. c4 Nf6 10. Be2 O-O 11. O-O e4 12. dxe4 Nxe4 13. Qd3 Qf6 14. Rb1 Re8
15. Nd2 Qc3 16. Qd5 Nxd2 17. Bxd2 Qxa3 18. Ra1 Qb2 19. Bc1 Qxa1 20. Bd3 Qf6 21.
Qe4 Rxe4 22. Bxe4 Qxh4 23. g3 Qxe4 24. f3 Qxc4 25. Re1 h6 26. Re8+ Kh7 27. Re1
d6 28. Bb2 Qd5 29. Re8 Ne7 30. Rxe7 Bh3 31. Kh2 Qf5 32. g4 Qc2+ 33. Kg3 Qxb2
34. Kxh3 Qf6 35. Re4 d5 36. Re2 Qxf3+ 37. Kh4 Qxe2 38. g5 Qh2+ 39. Kg4 Qf2 40.
Kh5 g6+ 41. Kg4 h5+ 42. Kh3 Qf4 43. Kg2 d4 44. Kh1 Re8 45. Kg1 Re1+ 46. Kg2 Rf1
47. Kh3 Qg4+ 48. Kh2 Rf2+ 49. Kh1 Qg2# 0-1

[Event "33268_PDL_2015_Pupillettes"]
[Site "Fontenay-Le-Comte ; Vendée"]
[Date "2015.02.07"]
[Round "3.4"]
[White "Drouet, Samantha"]
[Black "Boissiere, Oceane"]
[Result "1-0"]
[WhiteElo "1099"]
[BlackElo "1099"]
[PlyCount "61"]
[EventDate "2015.??.??"]

1. f4 d5 2. e3 c5 3. Bb5+ Nd7 4. Nc3 a6 5. Ba4 e6 6. e4 Be7 7. exd5 Bh4+ 8. g3
Bf6 9. dxe6 b5 10. exd7+ Bxd7 11. Qe2+ Ne7 12. Bb3 c4 13. Bxc4 bxc4 14. Qxc4
Be6 15. Qe4 Bf5 16. Qf3 O-O 17. d3 g6 18. Be3 Rb8 19. Ba7 Ra8 20. Bb6 Qxb6 21.
Na4 Qc7 22. O-O-O Qd7 23. Nc5 Qd6 24. d4 Nd5 25. Nb7 Qd7 26. Nc5 Qd6 27. Nd3
Rab8 28. Qf1 Rb5 29. a4 Rc5 30. dxc5 Qxc5 31. Rd2 {coup impossible à suivre}
1-0

[Event "33268_PDL_2015_Pupillettes"]
[Site "Fontenay-Le-Comte ; Vendée"]
[Date "2015.02.07"]
[Round "3.5"]
[White "Chevallier, Lola"]
[Black "Jude, Cloe"]
[Result "1-0"]
[WhiteElo "1099"]
[BlackElo "1020"]
[PlyCount "73"]
[EventDate "2015.??.??"]

1. d4 d5 2. e3 e6 3. Nc3 Bd7 4. Nf3 Bd6 5. Bd3 f6 6. Bd2 e5 7. O-O exd4 8. exd4
Bg4 9. Be2 c6 10. b3 f5 11. a4 Nf6 12. Nh4 Qe7 13. f3 Bh5 14. Nxf5 Qe6 15.
Nxg7+ Kf7 16. Nxe6 Kxe6 17. f4 Bxe2 18. Nxe2 Ne4 19. Nc1 Rf8 20. c4 Nxd2 21.
Qxd2 Bxf4 22. Qxf4 Rxf4 23. Rxf4 Nd7 24. cxd5+ cxd5 25. Ne2 Rf8 26. b4 a6 27.
a5 b5 28. Re1 Rf6 29. Ref1 Kf7 30. Nc3 Kg6 31. Nxb5 axb5 32. a6 Rf8 33. Rxf8
Nxf8 34. Rxf8 Kg7 35. Rd8 Kf7 36. Rxd5 Ke6 37. Rxb5 {et mat au 71ème coup} 1-0

[Event "33268_PDL_2015_Pupillettes"]
[Site "Fontenay-Le-Comte ; Vendée"]
[Date "2015.02.07"]
[Round "3.6"]
[White "Lemeunier, Melina"]
[Black "Veillaud, Manon"]
[Result "0-1"]
[WhiteElo "1099"]
[BlackElo "1099"]
[PlyCount "40"]
[EventDate "2015.??.??"]

1. d4 d5 2. Nc3 Nf6 3. Nf3 Nc6 4. e3 e6 5. Bd3 Be7 6. O-O O-O 7. a3 Qd6 8. b4
Nxd4 9. exd4 c6 10. Rb1 Bd8 11. Qe1 Bc7 12. g4 e5 13. dxe5 Qe6 14. Be3 d4 15.
Bxd4 c5 16. Ng5 Qd7 17. Bxc5 Qc6 18. Bxf8 b6 19. Be7 Bb7 20. Bxf6 Qg2# 0-1

[Event "33268_PDL_2015_Pupillettes"]
[Site "Fontenay-Le-Comte ; Vendée"]
[Date "2015.02.07"]
[Round "4.1"]
[White "Pellat, Camille"]
[Black "Tollot, Juliette"]
[Result "0-1"]
[WhiteElo "1129"]
[BlackElo "1210"]
[PlyCount "108"]
[EventDate "2015.??.??"]

1. e4 c6 2. d4 d5 3. e5 Bf5 4. Nf3 Nd7 5. Nc3 e6 6. Be2 Ne7 7. O-O a6 8. Re1 c5
9. dxc5 Nxc5 10. Be3 Nc6 11. a3 Be7 12. h3 O-O 13. Rc1 Qc7 14. Bf4 Rfd8 15. Qd2
Rd7 16. Rcd1 Rad8 17. Bf1 Ne4 18. Qc1 Bc5 19. Bd3 Bxf2+ 20. Kf1 Bxe1 21. Rxe1
Nxc3 22. bxc3 Bxd3+ 23. cxd3 d4 24. cxd4 Nxd4 25. Nxd4 Qxc1 26. Rxc1 Rxd4 27.
Bg5 Re8 28. Rd1 h6 29. Be3 Rd5 30. d4 b5 31. Rc1 a5 32. Rb1 Rc8 33. Bf2 Rc4 34.
Kg1 b4 35. axb4 axb4 36. Rb3 Rb5 37. Kf1 Rc3 38. Rb2 b3 39. Ke1 Rc2 40. Rb1 b2
41. Be3 Ra5 42. Kd1 Rxg2 43. Bd2 Ra1 44. Kc2 Rxb1 45. Kxb1 Rxd2 46. h4 Kf8 47.
Ka2 Ke7 48. Kb1 Kd7 49. Ka2 Kc6 50. Kb1 Kb5 51. h5 Kc4 52. Ka2 Kc3 53. Ka3 Kc2
54. Kb4 b1=Q+ {et mat au 72ème coup} 0-1

[Event "33268_PDL_2015_Pupillettes"]
[Site "Fontenay-Le-Comte ; Vendée"]
[Date "2015.02.07"]
[Round "4.2"]
[White "Hamon, Elisa"]
[Black "Drouet, Samantha"]
[Result "1-0"]
[WhiteElo "1136"]
[BlackElo "1099"]
[PlyCount "56"]
[EventDate "2015.??.??"]

1. e4 e5 2. Nf3 Nc6 3. d4 d6 4. dxe5 dxe5 5. Qxd8+ Nxd8 6. Nxe5 Bb4+ 7. Nc3 Nf6
8. Bd3 O-O 9. O-O Bg4 10. Bg5 Bh5 11. Bxf6 gxf6 12. Nd7 Re8 13. Nxf6+ Kf8 14.
Nxe8 Kxe8 15. Nd5 Bd6 16. Nf6+ Ke7 17. Nxh5 Rc8 18. Rfe1 Nc6 19. Ng7 Rg8 20.
Nf5+ Ke6 21. Nxd6 cxd6 22. Rad1 d5 23. exd5+ Kxd5 24. Bxh7+ Nd4 25. Bxg8 a5 26.
c3 b5 27. Rxd4+ Kc5 28. Re5+ Kc6 1-0

[Event "33268_PDL_2015_Pupillettes"]
[Site "Fontenay-Le-Comte ; Vendée"]
[Date "2015.02.07"]
[Round "4.3"]
[White "Salvador Ruiz, Camille"]
[Black "Jude, Cloe"]
[Result "1/2-1/2"]
[WhiteElo "1180"]
[BlackElo "1020"]
[PlyCount "137"]
[EventDate "2015.??.??"]

1. e4 e5 2. Nf3 Nc6 3. Bb5 a6 4. Bxc6 dxc6 5. Nxe5 Nf6 6. Qe2 Qd4 7. Nf3 Qb4 8.
a3 Qa4 9. Nc3 Qa5 10. d3 Bb4 11. Bd2 O-O 12. O-O Qc5 13. axb4 Qxb4 14. Nd1 Qd6
15. e5 Qe6 16. Bb4 Re8 17. Ng5 Qd7 18. Bc3 Qe7 19. Qd2 Bg4 20. exf6 gxf6 21. h3
Bxd1 22. Qxd1 fxg5 23. Ra4 b5 24. Bb4 Qd7 25. Ra5 c5 26. Bxc5 Qc6 27. Bb4 Qb6
28. Qd2 g4 29. Qg5+ Qg6 30. Qxg6+ fxg6 31. hxg4 g5 32. Bd2 Rad8 33. Bxg5 Rd4
34. Be3 Rxg4 35. f3 Rh4 36. Bf2 Rh5 37. Rxa6 Re7 38. Re1 Rf7 39. Bd4 c6 40.
Ra8+ Rf8 41. Rxf8+ Kxf8 42. c4 bxc4 43. dxc4 c5 44. Bf2 Kf7 45. Ra1 Kf6 46. Ra5
Kg5 47. Rxc5+ Kh6 48. Rxh5+ Kxh5 49. c5 Kg6 50. c6 Kf7 51. Kf1 Ke7 52. c7 Kd7
53. Bg3 h6 54. b4 h5 55. b5 h4 56. Bh2 h3 57. b6 Kc6 58. c8=Q+ Kxb6 59. gxh3
Kb5 60. Ke2 Kb6 61. Qf5 Kc6 62. Kd3 Kb6 63. Kc4 Ka6 64. Kb4 Kb6 65. Qf6+ Kb7
66. Kc5 Ka7 67. Kb5 Kb7 68. Qf7+ Ka8 69. Kb6 1/2-1/2

[Event "33268_PDL_2015_Pupillettes"]
[Site "Fontenay-Le-Comte ; Vendée"]
[Date "2015.02.07"]
[Round "4.4"]
[White "Huger, Leane"]
[Black "Veillaud, Manon"]
[Result "1-0"]
[WhiteElo "1130"]
[BlackElo "1099"]
[PlyCount "23"]
[EventDate "2015.??.??"]

1. e4 e5 2. Nf3 Nc6 3. Nc3 Nf6 4. Bc4 Bd6 5. d3 O-O 6. Bg5 Qe8 7. Bxf6 gxf6 8.
O-O Qe7 9. Nh4 Na5 10. Nf5 Qd8 11. Qg4+ Kh8 12. Qg7# 1-0

[Event "33268_PDL_2015_Pupillettes"]
[Site "Fontenay-Le-Comte ; Vendée"]
[Date "2015.02.07"]
[Round "4.5"]
[White "Boissiere, Oceane"]
[Black "Moreau, Chloe"]
[Result "1/2-1/2"]
[WhiteElo "1099"]
[BlackElo "1099"]
[PlyCount "60"]
[EventDate "2015.??.??"]

1. d4 d5 2. Nc3 Nf6 3. Nf3 Nc6 4. e3 e6 5. Bb5 a6 6. Bd3 b5 7. O-O Be7 8. e4 e5
9. dxe5 dxe4 10. Nxe4 Nxe4 11. Bxe4 Nxe5 12. Nxe5 Bd7 13. Bxa8 Qxa8 14. Nxd7
Bd8 15. Ne5 f6 16. Nf3 O-O 17. Qd5+ Qxd5 18. Bf4 g5 19. Rad1 Qa8 20. Nd4 gxf4
21. Ne6 Rf7 22. Nxd8 Rf8 23. Ne6 Rd8 24. Nxd8 h5 25. Rde1 Qxd8 26. Rd1 Qf8 27.
Rd2 a5 28. Rfd1 c5 29. Rd8 Qxd8 30. Rxd8+ Kg7 1/2-1/2

[Event "33268_PDL_2015_Pupillettes"]
[Site "Fontenay-Le-Comte ; Vendée"]
[Date "2015.02.07"]
[Round "4.6"]
[White "Lemeunier, Melina"]
[Black "Chevallier, Lola"]
[Result "1-0"]
[WhiteElo "1099"]
[BlackElo "1099"]
[PlyCount "51"]
[EventDate "2015.??.??"]

1. d4 d5 2. Nf3 Nc6 3. a3 e6 4. b4 Bd6 5. g3 Nf6 6. Bh3 O-O 7. O-O e5 8. e3 Be6
9. Bxe6 fxe6 10. b5 Na5 11. Bd2 c6 12. Bxa5 cxb5 13. Bxd8 Raxd8 14. h3 a5 15.
dxe5 Bc5 16. exf6 Rxf6 17. Ne5 b4 18. axb4 axb4 19. f3 Bxe3+ 20. Kh1 Rh6 21.
Re1 Bc5 22. Ng4 Rxh3+ 23. Kg2 Rh5 24. Rh1 Ra8 25. Rxa8+ Kf7 26. Rxh5 {
et mat au 50ème coup} 1-0

[Event "33268_PDL_2015_Pupillettes"]
[Site "Fontenay-Le-Comte ; Vendée"]
[Date "2015.02.07"]
[Round "5.1"]
[White "Tollot, Juliette"]
[Black "Salvador Ruiz, Camille"]
[Result "1-0"]
[WhiteElo "1210"]
[BlackElo "1180"]
[PlyCount "65"]
[EventDate "2015.??.??"]

1. c4 d6 2. Nc3 Nf6 3. Nf3 g6 4. d4 Bg7 5. g3 O-O 6. Bg2 Nbd7 7. O-O a6 8. Bg5
Rb8 9. Qd3 c6 10. Rfe1 b5 11. cxb5 axb5 12. b3 b4 13. Ne4 Nxe4 14. Qxe4 c5 15.
Bxe7 Qe8 16. Ng5 f5 17. Qe6+ Kh8 18. Bxd6 Rb6 19. Qxe8 Rxe8 20. Rac1 Rxd6 21.
Nf7+ Kg8 22. Nxd6 Rd8 23. Nxc8 Rxc8 24. Red1 cxd4 25. Rxc8+ Nf8 26. Bd5+ Kh8
27. Rdc1 Bh6 28. R1c7 Bg7 29. Rf7 Kg8 30. Re7+ Kh8 31. Rcc7 g5 32. Rxg7 g4 33.
Rg8# 1-0

[Event "33268_PDL_2015_Pupillettes"]
[Site "Fontenay-Le-Comte ; Vendée"]
[Date "2015.02.07"]
[Round "5.2"]
[White "Hamon, Elisa"]
[Black "Pellat, Camille"]
[Result "0-1"]
[WhiteElo "1136"]
[BlackElo "1129"]
[PlyCount "108"]
[EventDate "2015.??.??"]

1. e4 c5 2. d4 cxd4 3. Qxd4 Nc6 4. Qd1 e6 5. f4 Nf6 6. Nc3 Bb4 7. Bd2 O-O 8. e5
Ne8 9. Qf3 Nd4 10. Qe4 Nc6 11. O-O-O a6 12. Nf3 b5 13. Nd4 Bb7 14. Nxc6 Bxc3
15. Nxd8 Bxd2+ 16. Rxd2 Bxe4 17. Rxd7 Rb8 18. Rd4 Bd5 19. c4 bxc4 20. Bxc4 Rxd8
21. f5 Nc7 22. Rhd1 Rc8 23. a4 Bxc4 24. Rxc4 Nd5 25. Rxc8 Rxc8+ 26. Kb1 Rb8 27.
Rd3 Nf4 28. Rd6 a5 29. g3 Ne2 30. Rc6 exf5 31. Rc5 Ra8 32. Ka2 h6 33. Ka3 Nd4
34. b4 axb4+ 35. Kxb4 Kh7 36. Rc4 Nf3 37. a5 Nxe5 38. Rc7 g5 39. Kb5 Kg6 40.
Kb6 f4 41. gxf4 gxf4 42. Kb7 Rxa5 43. Rc2 f3 44. Rf2 Rc5 45. Kb6 Rc1 46. h4 h5
47. Rd2 Nc4+ 48. Kc5 Nxd2+ 49. Kb4 Kf5 50. Ka3 Rb1 51. Ka2 Rb8 52. Ka3 f2 53.
Ka4 f1=R 54. Ka5 Ra1# 0-1

[Event "33268_PDL_2015_Pupillettes"]
[Site "Fontenay-Le-Comte ; Vendée"]
[Date "2015.02.07"]
[Round "5.3"]
[White "Drouet, Samantha"]
[Black "Huger, Leane"]
[Result "0-1"]
[WhiteElo "1099"]
[BlackElo "1130"]
[PlyCount "34"]
[EventDate "2015.??.??"]

1. e4 e5 2. Nf3 Nc6 3. Bc4 Nf6 4. Nc3 Bc5 5. Ng5 O-O 6. O-O d6 7. Nxf7 Rxf7 8.
Bxf7+ Kxf7 9. Qf3 Bg4 10. Qd3 Kf8 11. Qb5 Rb8 12. d3 a6 13. Qc4 Qe8 14. h3 Qh5
15. hxg4 Nxg4 16. Bf4 exf4 17. Qxc5 Qh2# 0-1

[Event "33268_PDL_2015_Pupillettes"]
[Site "Fontenay-Le-Comte ; Vendée"]
[Date "2015.02.07"]
[Round "5.4"]
[White "Chevallier, Lola"]
[Black "Boissiere, Oceane"]
[Result "1/2-1/2"]
[WhiteElo "1099"]
[BlackElo "1099"]
[PlyCount "40"]
[EventDate "2015.??.??"]

1. e4 e5 2. d3 Nc6 3. Nf3 Bb4+ 4. Nbd2 Nf6 5. Be2 O-O 6. O-O d6 7. Nc4 Re8 8.
Be3 Ng4 9. Bg5 f6 10. c3 Qe7 11. d4 Qf7 12. Nh4 fxg5 13. Bxg4 Bxg4 14. Qxg4
gxh4 15. cxb4 Ne7 16. dxe5 dxe5 17. Nxe5 Qf6 18. Nf3 Rad8 19. Nxh4 Qh6 20. Rad1
Nc6 1/2-1/2

[Event "33268_PDL_2015_Pupillettes"]
[Site "Fontenay-Le-Comte ; Vendée"]
[Date "2015.02.07"]
[Round "5.5"]
[White "Veillaud, Manon"]
[Black "Moreau, Chloe"]
[Result "1-0"]
[WhiteElo "1099"]
[BlackElo "1099"]
[PlyCount "25"]
[EventDate "2015.??.??"]

1. e4 e5 2. Nc3 Nc6 3. Nf3 Nf6 4. Bd3 Be7 5. O-O O-O 6. Nb5 Bd6 7. b3 a6 8. Nc3
Bc5 9. Qe1 b6 10. Na4 b5 11. c3 Nxe4 12. Qxe4 Bb7 13. Qxh7# 1-0

[Event "33268_PDL_2015_Pupillettes"]
[Site "Fontenay-Le-Comte ; Vendée"]
[Date "2015.02.07"]
[Round "5.6"]
[White "Jude, Cloe"]
[Black "Lemeunier, Melina"]
[Result "1-0"]
[WhiteElo "1020"]
[BlackElo "1099"]
[PlyCount "63"]
[EventDate "2015.??.??"]

1. e4 e5 2. Nf3 Nc6 3. Bb5 a6 4. Bxc6 dxc6 5. Nxe5 Qd4 6. O-O Bd6 7. c3 Qxe5 8.
Qe1 Nf6 9. f3 O-O 10. c4 Qc5+ 11. d4 Qxd4+ 12. Be3 Qd3 13. Nc3 Nh5 14. Qe2 Qxe2
15. Nxe2 Be6 16. c5 Be5 17. f4 Bxb2 18. Rab1 Ba3 19. Rxb7 Rfb8 20. Rxc7 Rc8 21.
Re7 Re8 22. Rb7 Bc8 23. Rc7 Rxe4 24. Rf3 Bg4 25. Nc3 Rc4 26. Rf2 Rxc3 27. Bd2
Rxc5 28. Rf1 Rd5 29. Re1 Rxd2 30. Rce7 Nxf4 31. Re8+ Rxe8 32. Rxe8+ 1-0

[Event "33268_PDL_2015_Pupillettes"]
[Site "Fontenay-Le-Comte ; Vendée"]
[Date "2015.02.07"]
[Round "6.1"]
[White "Jude, Cloe"]
[Black "Tollot, Juliette"]
[Result "0-1"]
[WhiteElo "1020"]
[BlackElo "1210"]
[PlyCount "86"]
[EventDate "2015.??.??"]

1. e4 e6 2. Bb5 Nc6 3. Nf3 Nf6 4. Nc3 Bb4 5. O-O O-O 6. Re1 d5 7. d3 Bd7 8. Bd2
a6 9. Ba4 Re8 10. a3 Ba5 11. e5 Ng4 12. Rf1 Ngxe5 13. Nxe5 Nxe5 14. d4 Nc4 15.
Be1 Nxb2 16. Qb1 Nxa4 17. Nxa4 Bxa4 18. Bxa5 b6 19. Bc3 Qe7 20. h3 Rab8 21. Bb4
c5 22. dxc5 bxc5 23. c3 cxb4 24. axb4 Bb5 25. Re1 Rec8 26. Qc2 Qc7 27. Re3 Qc4
28. Rd1 Rb6 29. Rg3 Qe4 30. Qd2 Qe2 31. Qd4 g6 32. Qxb6 Qxd1+ 33. Kh2 Qd2 34.
Qb7 Rxc3 35. Qb8+ Kg7 36. Qe5+ f6 37. Qd6 Rxg3 38. Qxg3 Qxb4 39. h4 d4 40. Qd6
Qxd6+ 41. Kg1 d3 42. Kf1 d2+ 43. Kg1 d1=Q# 0-1